Unlucky People - Statistics

General Stats
  • This quiz has been taken 23 times
  • The average score is 7 of 13
Answer Stats
Answer % Correct
Robert Todd Lincoln was the only one of {Abraham Lincoln}’s sons to survive to adulthood, as well as being present or nearby at multiple presidential assassinations.
90%
Henry Gunther was the last American victim of {WWII}, getting killed just one minute before the war ‘ended.’
75%
James Howells threw out a hard drive in 2013 containing $950 Million worth of {Bitcoin}, possibly $8 Billlion by 2030.
70%
Ronald Wayne sold his 10% stake in {Apple} just 12 days after it was founded.
70%
Yang Kyoungjong was forced to fight in three different armies, the German army, the Japanese army, and the {Soviet} army. He was captured by all three.
65%
Roy Sullivan was {struck by lightning} seven times between 1942 and 1977.
60%
Violet Jessop survived three {shipwrecks} including a famous one in 1912, that a movie was made about.
60%
Ann Hodges is the only person ever to be hit by a {meteorite}.
45%
Melanie Martinez has had five houses that have been destroyed by {hurricanes}. Then, a reality TV show payed for her house to get a makeover. Less than a month later it was destroyed by a {hurricane}.
35%
Costis Misotakis was the only person in his village to not pitch in to purchase a {lottery ticket}. I bet you can guess what happened next.
30%
Pierre Desarmes lived in Haiti when a terrible earthquake hit in 2010. His friends helped him move to {Santiago, Chile} where an even bigger one struck less than one month later.
25%
Frane Selak survived many near-death experiences including many automobile crashes, before eventually getting lucky, and {winning the lottery} in 2003.
20%
“Calamity John” Lynne has had about fifteen major accidents in his lifetime, including falling down a {manhole}.
5%
No matching quizzes found
Score Distribution
Percent of People with Each Score
Percentile by Number Answered
Your Score History
You have not taken this quiz